000 00491nam a2200181Ia 4500
001 14131
005 20260306164852.0
008 260306t2013||||xx |||||||||||||| ||spa||
041 _aESP
082 _a501.5195
_bK488
100 _aKutz, Jose Nathan
_eAUT
245 0 _aData-driven modeling & scientific computation:
_bmethods for complex systems & big data
260 _c2013
300 _axvii, 638 páginas :
_c24 cm.
650 _aGEN
654 _aCCN
942 _cLIB
_dJUS
_fJUS
_2ddc
_n
999 _c14131
_d14131